[Event "Wch U14"]
[Site "Chalkidiki"]
[Date "2003.10.23"]
[EventDate "2003.??.??"]
[Round "7"]
[Result "0-1"]
[White "Tamas Banusz"]
[Black "Maxime Vachier-Lagrave"]
[WhiteElo "2491"]
[BlackElo "2637"]
[PlyCount "98"]

1. d4 Nf6 2. c4 g6 3. Nf3 Bg7 4. g3 d5 5. cxd5 Nxd5 6. Bg2 O-O
7. Nc3 Nb6 8. O-O Nc6 9. d5 Na5 10. Qc2 e6 11. dxe6 Bxe6
12. Rd1 Qe7 13. Bg5 f6 14. Bf4 g5 15. Bd2 c5 16. Rac1 Nc6
17. Be1 Rfd8 18. Rxd8+ Rxd8 19. Rd1 Re8 20. e3 Bf7 21. b3 Rd8
22. Rxd8+ Qxd8 23. Ne4 Bg6 24. Bf1 Qe7 25. Bd3 Nd7 26. Ned2
Nb4 27. Qc4+ Bf7 28. Qe4 Qxe4 29. Bxe4 Nxa2 30. Bxb7 Nc1
31. Bc6 Nb6 32. Ne4 Nxb3 33. Bc3 Bd5 34. Bxd5+ Nxd5 35. Be1 a5
36. Nfd2 a4 37. Nc4 f5 38. Ned6 Nb6 39. Na3 Bb2 40. Ndb5 Kf7
41. Kf1 Ke6 42. Ke2 Kd5 43. Bc3 Bxa3 44. Nxa3 Nc4 45. Nc2 a3
46. f3 a2 47. Bh8 Ne5 48. f4 gxf4 49. exf4 Nc6 0-1

[Event "Wch U14"]
[Site "Chalkidiki"]
[Date "2003.10.23"]
[EventDate "2003.??.??"]
[Round "9"]
[Result "1/2-1/2"]
[White "Ildar Khairullin"]
[Black "Maxime Vachier-Lagrave"]
[WhiteElo "2586"]
[BlackElo "2637"]
[PlyCount "70"]

1. d4 Nf6 2. c4 g6 3. Nc3 d5 4. Nf3 Bg7 5. e3 O-O 6. Be2 c5
7. O-O cxd4 8. exd4 Nc6 9. Re1 Bg4 10. cxd5 Nxd5 11. h3 Bf5
12. a3 Rc8 13. Bg5 h6 14. Be3 Na5 15. Rc1 Nb6 16. Ne5 Kh7
17. Bf3 Nbc4 18. Nxc4 Nxc4 19. Qe2 e5 20. dxe5 Bd3 21. Qd1
Bxe5 22. Bxb7 Rc7 23. Bd5 Nxb2 24. Qd2 Bxc3 25. Rxc3 Rxc3
26. Qxc3 Qxd5 27. Qxb2 a6 28. Rd1 Rd8 29. Qf6 Rd7 30. Rc1 Qf5
31. Qh4 g5 32. Qb4 Qf6 33. Rc8 Bf5 34. Re8 Rd1+ 35. Kh2 Qd6+
1/2-1/2

[Event "3rd NAO GM"]
[Site "Paris FRA"]
[Date "2003.12.17"]
[EventDate "2003.12.15"]
[Round "3"]
[Result "1-0"]
[White "Maxime Vachier-Lagrave"]
[Black "Cyril Marzolo"]
[WhiteElo "2412"]
[BlackElo "2462"]
[PlyCount "61"]

1. e4 e6 2. d4 d5 3. Nd2 Nf6 4. e5 Nfd7 5. Bd3 c5 6. c3 Nc6
7. Ne2 cxd4 8. cxd4 f6 9. exf6 Nxf6 10. Nf3 Bd6 11. O-O Qc7
12. Bg5 O-O 13. Bh4 Nh5 14. Qc2 h6 15. Bh7+ Kh8 16. Bg6 Rxf3
17. Bxh5 Rf8 18. Bg3 Bd7 19. Rac1 Rac8 20. Qd2 Bxg3 21. hxg3
Rf6 22. Nf4 Qb6 23. Rfd1 g5 24. Ng6+ Kg7 25. Ne5 Nxe5 26. Rxc8
Nf3+ 27. gxf3 Bxc8 28. Qc3 Qd8 29. Rc1 Rf8 30. Qa3 Kf6 31. Rc7
1-0

[Event "3rd NAO GM"]
[Site "Paris FRA"]
[Date "2003.12.19"]
[EventDate "2003.12.15"]
[Round "5"]
[Result "1-0"]
[White "Maxime Vachier-Lagrave"]
[Black "Davoud Pira"]
[WhiteElo "2412"]
[BlackElo "2403"]
[PlyCount "71"]

1. e4 g6 2. d4 Bg7 3. Nc3 c6 4. Bc4 d6 5. Nf3 Nf6 6. O-O b5
7. Bb3 b4 8. e5 bxc3 9. exf6 Bxf6 10. bxc3 O-O 11. Bg5 Bxg5
12. Nxg5 h6 13. Ne4 d5 14. Nd2 Nd7 15. c4 Nf6 16. Re1 Bg4
17. Qc1 Kg7 18. c3 Qd6 19. h3 Bf5 20. c5 Qc7 21. Nf3 Rae8
22. Bc2 Be4 23. Ne5 Bxc2 24. Qxc2 Ne4 25. f3 Ng5 26. Rab1 Rb8
27. Qa4 Rxb1 28. Rxb1 f6 29. Qxc6 Qa5 30. Nd7 Qxa2 31. Re1 Rf7
32. Rxe7 Qb1+ 33. Kh2 Qf5 34. Qd6 h5 35. Rxf7+ Kh6 36. Qf8+
1-0

[Event "3rd NAO GM"]
[Site "Paris FRA"]
[Date "2003.12.23"]
[EventDate "2003.12.15"]
[Round "9"]
[Result "1-0"]
[White "Yacov Isaakovich Murey"]
[Black "Maxime Vachier-Lagrave"]
[WhiteElo "2465"]
[BlackElo "2412"]
[PlyCount "83"]

1. c4 Nf6 2. Nc3 c5 3. Nf3 Nc6 4. d4 cxd4 5. Nxd4 g6 6. e4 d6
7. Be2 Nxd4 8. Qxd4 Bg7 9. Bg5 O-O 10. Qe3 Be6 11. O-O Qa5
12. Rab1 Rfc8 13. b4 Qb6 14. Nd5 Qxe3 15. Bxe3 Kf8 16. f3 Nxd5
17. cxd5 Bd7 18. Rfc1 a6 19. Kf2 Ke8 20. Bd3 Bb5 21. Ke2 Kd7
22. Kd2 Bxd3 23. Kxd3 Rxc1 24. Bxc1 Rc8 25. Bd2 b5 26. Rb3 Kc7
27. Bc3 Bxc3 28. Rxc3+ Kb7 29. Rxc8 Kxc8 30. Ke3 Kd7 31. Kf4
f6 32. h4 e5+ 33. dxe6+ Kxe6 34. Ke3 d5 35. Kd4 dxe4 36. Kxe4
h6 37. g3 h5 38. g4 g5 39. hxg5 h4 40. f4 fxg5 41. fxg5 Kf7
42. Kf3 1-0

[Event "4e TOURNOI GMI"]
[Site "PARIS"]
[Date "2004.??.??"]
[EventDate "2004.??.??"]
[Round "1"]
[Result "1/2-1/2"]
[White "Ventzislav V Inkiov"]
[Black "Maxime Vachier-Lagrave"]
[WhiteElo "2496"]
[BlackElo "2493"]
[PlyCount "104"]

1. d4 Nf6 2. c4 g6 3. Nc3 d5 4. Nf3 Bg7 5. cxd5 Nxd5 6. Bd2 c5
7. Rc1 Nxc3 8. Bxc3 cxd4 9. Nxd4 O-O 10. e3 Nd7 11. Nb5 Nb6
12. Bxg7 Kxg7 13. Be2 Qxd1+ 14. Rxd1 Bd7 15. Nc3 Bc6 16. O-O
Rfd8 17. Rxd8 Rxd8 18. Rd1 Rxd1+ 19. Bxd1 Nd5 20. Nxd5 Bxd5
21. a3 Kf6 22. f4 Ke6 23. Kf2 Kd6 24. g4 Kc5 25. Ke2 b5 26. g5
b4 27. axb4+ Kxb4 28. Kd2 Bb3 29. Bf3 Be6 30. h4 Kb3 31. Kc1
Kc4 32. Be2+ Kd5 33. Bf3+ Kc4 34. Kc2 Bf5+ 35. Kd2 Kb3
36. Bd5+ Kxb2 37. e4 Bd7 38. Bxf7 e6 39. h5 gxh5 40. Bxh5 a5
41. Bd1 a4 42. Bxa4 Bxa4 43. Kd3 e5 44. fxe5 Bb3 45. Kd4 Kc2
46. e6 Bxe6 47. Ke5 Bf7 48. Kf6 Bg6 49. e5 Kd3 50. e6 Ke4
51. e7 Kf4 52. Kg7 Ke4 1/2-1/2

[Event "4rd NAO GM"]
[Site "Paris"]
[Date "2004.??.??"]
[EventDate "?"]
[Round "5"]
[Result "0-1"]
[White "Gildas Goldsztejn"]
[Black "Maxime Vachier-Lagrave"]
[WhiteElo "2359"]
[BlackElo "2493"]
[PlyCount "62"]

1. d4 f5 2. c4 Nf6 3. Nc3 g6 4. h4 d6 5. Bg5 Bg7 6. h5 Nxh5
7. e4 O-O 8. Be2 Nf6 9. exf5 Bxf5 10. Bf3 Nc6 11. Nge2 e5
12. g4 Bd7 13. Bd5+ Nxd5 14. Bxd8 Nxc3 15. bxc3 Raxd8 16. Qd2
exd4 17. cxd4 Rde8 18. Kf1 Bxg4 19. Re1 Re4 20. d5 Ne5 21. Ng3
Rxc4 22. Re4 Rc5 23. Rh4 Nf3 24. Qe3 Rc3 25. Qxa7 Rc1+ 26. Ke2
Re1+ 27. Kd3 Rxe4 28. Nxe4 Nxh4 29. Qxb7 Bf5 30. Qc6 Nf3
31. Ke3 Bh6+ 0-1

[Event "France-ch U20"]
[Site "Reims"]
[Date "2004.??.??"]
[EventDate "2004.??.??"]
[Round "2"]
[Result "0-1"]
[White "Alexandre Gallissot"]
[Black "Maxime Vachier-Lagrave"]
[WhiteElo "2099"]
[BlackElo "2637"]
[PlyCount "54"]

1. e4 c5 2. c4 g6 3. Nc3 Bg7 4. h4 h5 5. d3 Nc6 6. g3 d6
7. Bh3 Nf6 8. f4 Bg4 9. Bxg4 Nxg4 10. Nge2 f5 11. O-O e6
12. Kg2 O-O 13. Re1 Nd4 14. Nxd4 cxd4 15. Nb5 e5 16. Qb3 Kh8
17. Qa3 fxe4 18. dxe4 Rf6 19. Qb4 exf4 20. gxf4 Re6 21. Rh1 a6
22. Na3 Rxe4 23. Qxb7 Qe8 24. Kg3 Ra7 25. Qd5 Nf6 26. Qa5 Rae7
27. Nc2 d3 0-1

[Event "France-ch U20"]
[Site "Reims"]
[Date "2004.??.??"]
[EventDate "2004.??.??"]
[Round "4"]
[Result "0-1"]
[White "Fabien Libiszewski"]
[Black "Maxime Vachier-Lagrave"]
[WhiteElo "2486"]
[BlackElo "2637"]
[PlyCount "80"]

1. d4 Nf6 2. Bg5 Ne4 3. h4 c5 4. dxc5 Qa5+ 5. Nd2 Nxg5 6. hxg5
g6 7. c3 Qxc5 8. Ngf3 Bg7 9. a4 Qc7 10. e3 Nc6 11. Nb3 b6
12. Rh4 Bb7 13. Nbd4 Rd8 14. Nxc6 Bxc6 15. Bb5 Bb7 16. Ke2 h5
17. gxh6 Bf6 18. Rh3 a6 19. Bd3 e5 20. Bc2 d5 21. Kf1 Bc8
22. Rh1 Qc5 23. Qc1 Bg4 24. Kg1 e4 25. Nd4 Qf8 26. f3 Bc8
27. fxe4 Rxh6 28. Rxh6 Qxh6 29. Nf3 Bg4 30. e5 Bg7 31. Nh2 Be2
32. e4 Qh5 33. Qe3 Bxe5 34. Nf3 Bxf3 35. Qxf3 Qh2+ 36. Kf2
dxe4 37. Qe3 Bg3+ 38. Kf1 Qh1+ 39. Qg1 Qxg1+ 40. Kxg1 e3 0-1

[Event "France-ch U20"]
[Site "Reims"]
[Date "2004.??.??"]
[EventDate "2004.??.??"]
[Round "5"]
[Result "1/2-1/2"]
[White "Sebastien Maze"]
[Black "Maxime Vachier-Lagrave"]
[WhiteElo "2464"]
[BlackElo "2637"]
[PlyCount "25"]

1. Nf3 Nf6 2. c4 g6 3. Nc3 Bg7 4. e3 O-O 5. Be2 c5 6. O-O Nc6
7. d4 cxd4 8. exd4 d5 9. h3 Bf5 10. Ne5 dxc4 11. Nxc6 bxc6
12. Bxc4 Rb8 13. Bb3 1/2-1/2

[Event "Rapid Open"]
[Site "Cergy Pontoise FRA"]
[Date "2004.05.16"]
[EventDate "2004.05.15"]
[Round "7"]
[Result "1/2-1/2"]
[White "Maxime Vachier-Lagrave"]
[Black "Oleg Korneev"]
[WhiteElo "2434"]
[BlackElo "2573"]
[PlyCount "71"]

1. e4 e5 2. Nf3 Nc6 3. Bb5 a6 4. Bxc6 dxc6 5. O-O f6 6. d4
exd4 7. Nxd4 c5 8. Nb3 Qxd1 9. Rxd1 Bg4 10. f3 Be6 11. Nc3 Bd6
12. Be3 b6 13. a4 Kf7 14. a5 c4 15. Nd4 b5 16. Nxe6 Kxe6
17. b3 cxb3 18. cxb3 Ne7 19. Rac1 Ba3 20. Rc2 Rhd8 21. Nd5
Nxd5 22. exd5+ Rxd5 23. Rxd5 Kxd5 24. Rxc7 Re8 25. Kf2 Re7
26. Rc8 Bd6 27. Rd8 g5 28. b4 Re6 29. Bc5 Ke5 30. Bxd6+ Rxd6
31. Rxd6 Kxd6 32. Ke3 Ke5 33. g4 h6 34. h3 Kd5 35. Kd3 Ke5
36. Ke3 1/2-1/2

[Event "Rapid Open"]
[Site "Cergy Pontoise FRA"]
[Date "2004.05.16"]
[EventDate "2004.05.15"]
[Round "9"]
[Result "1-0"]
[White "Andrei Shchekachev"]
[Black "Maxime Vachier-Lagrave"]
[WhiteElo "2570"]
[BlackElo "2434"]
[PlyCount "79"]

1. Nf3 Nf6 2. c4 g6 3. Nc3 Bg7 4. e4 c5 5. d4 cxd4 6. Nxd4 Nc6
7. Be3 O-O 8. Be2 d6 9. O-O Bd7 10. Qd2 Nxd4 11. Bxd4 Bc6
12. f3 Nd7 13. Be3 a5 14. b3 Nc5 15. Rab1 f5 16. exf5 Rxf5
17. Rfe1 Qf8 18. Nb5 Bxb5 19. cxb5 Be5 20. g3 Kh8 21. f4 Bg7
22. Bg4 Rf7 23. Qd5 Rd8 24. Rbd1 b6 25. Bxc5 bxc5 26. Be6 Rf6
27. b6 Rb8 28. b7 Qd8 29. Qc6 Rf8 30. Kh1 Bf6 31. Bd5 Qe8
32. Qxe8 Rfxe8 33. Bc6 Red8 34. Re4 Kg7 35. Ra4 d5 36. Rxa5 c4
37. bxc4 dxc4 38. Rxd8 Rxd8 39. Ra8 c3 40. Be4 1-0

[Event "Paris-ch"]
[Site "Paris"]
[Date "2004.07.03"]
[EventDate "2004.??.??"]
[Round "3"]
[Result "0-1"]
[White "Konstantin Yuryevich Landa"]
[Black "Maxime Vachier-Lagrave"]
[WhiteElo "2678"]
[BlackElo "2637"]
[PlyCount "112"]

1. e4 c5 2. Nf3 e6 3. Nc3 a6 4. d4 cxd4 5. Nxd4 b5 6. Bd3 d6
7. O-O Nf6 8. a4 b4 9. Na2 e5 10. Nf3 Nc6 11. Qe1 Qb6 12. Bd2
Rb8 13. c3 bxc3 14. Bxc3 Be7 15. b4 O-O 16. b5 axb5 17. axb5
Nd8 18. Ba5 Qb7 19. Nc3 Ne6 20. Bb4 Nf4 21. Qe3 Qd7 22. Rfd1
Bb7 23. Bf1 Qe6 24. h3 h6 25. Ra7 Rfe8 26. Qe1 Bf8 27. Kh2 d5
28. Bxf8 Kxf8 29. exd5 N6xd5 30. Nxd5 Bxd5 31. Qe3 Rbd8
32. Rc1 Kg8 33. Rcc7 Qd6 34. g3 Ng6 35. Nd2 e4 36. Nc4 Qf6
37. Ra6 Re6 38. Raa7 Ree8 39. Be2 Rb8 40. Qc5 Rxb5 41. Qe3 Rb3
42. Qc5 Rc3 43. Ra3 Rxc4 44. Bxc4 Bxc4 45. Qxc4 Qxf2+ 46. Kh1
e3 47. Rc8 Rxc8 48. Qxc8+ Kh7 49. Qc3 e2 50. Ra1 Ne7 51. Qe1
Qf3+ 52. Kh2 Nf5 53. Qg1 Ne3 54. h4 Nf1+ 55. Kh3 Qf5+ 56. Kg2
Qe4+ 0-1

[Event "Paris-ch"]
[Site "Paris"]
[Date "2004.07.03"]
[EventDate "2004.??.??"]
[Round "4"]
[Result "1/2-1/2"]
[White "Maxime Vachier-Lagrave"]
[Black "Alberto David"]
[WhiteElo "2637"]
[BlackElo "2595"]
[PlyCount "51"]

1. e4 c6 2. d4 d5 3. e5 Bf5 4. Be3 e6 5. Nd2 Nd7 6. Ngf3 h6
7. Be2 Ne7 8. Nh4 Bh7 9. f4 Qb6 10. Nb3 a5 11. a4 g5 12. fxg5
Nxe5 13. O-O hxg5 14. Bxg5 Rg8 15. Qd2 Bxc2 16. Nc5 Qb4
17. Qf4 Rxg5 18. Nxe6 fxe6 19. Qxf8+ Kd7 20. Qxa8 Qxd4+
21. Kh1 Qxb2 22. Ra2 Qxa2 23. Qxb7+ Kd6 24. Qb8+ Kd7 25. Qb7+
Kd6 26. Qb8+ 1/2-1/2

[Event "Paris-ch"]
[Site "Paris"]
[Date "2004.07.03"]
[EventDate "2004.??.??"]
[Round "5"]
[Result "1/2-1/2"]
[White "Maxime Vachier-Lagrave"]
[Black "Pavel Tregubov"]
[WhiteElo "2637"]
[BlackElo "2636"]
[PlyCount "66"]

1. e4 c5 2. Nf3 Nc6 3. Bb5 d6 4. O-O Bd7 5. Re1 Nf6 6. c3 a6
7. Bf1 Bg4 8. d3 e6 9. Nbd2 Nd7 10. h3 Bh5 11. Be2 Be7 12. Nf1
O-O 13. Ng3 Bg6 14. a3 d5 15. exd5 exd5 16. Bf4 Re8 17. Nf1
Nf8 18. Ne5 Nxe5 19. Bxe5 Bd6 20. Bxd6 Qxd6 21. d4 Ne6
22. dxc5 Nxc5 23. Ne3 Rad8 24. b4 Ne4 25. Qd4 Nxc3 26. Qxc3 d4
27. Qd2 dxe3 28. Qxd6 Rxd6 29. Bf3 b6 30. Rxe3 Rxe3 31. fxe3
Kf8 32. a4 Rd3 33. a5 bxa5 1/2-1/2

[Event "Paris-ch"]
[Site "Paris"]
[Date "2004.07.03"]
[EventDate "2004.??.??"]
[Round "6"]
[Result "1/2-1/2"]
[White "Edvins Paulsovich Kengis"]
[Black "Maxime Vachier-Lagrave"]
[WhiteElo "2590"]
[BlackElo "2637"]
[PlyCount "97"]

1. Nf3 Nf6 2. c4 g6 3. g3 Bg7 4. Bg2 O-O 5. d4 d5 6. cxd5 Nxd5
7. O-O Nb6 8. Nc3 Nc6 9. e3 Re8 10. d5 Na5 11. Nd4 Bd7 12. Nb3
Nxb3 13. Qxb3 e6 14. e4 c5 15. dxc6 Bxc6 16. Be3 Qd3 17. Rfe1
Qc4 18. Bf1 Qxb3 19. axb3 Nd7 20. Rxa7 Rxa7 21. Bxa7 b6
22. Rd1 Rc8 23. Ba6 Ra8 24. Bb5 Bxb5 25. Nxb5 Nc5 26. Bxb6
Nxb3 27. Nc3 Bf6 28. Kg2 Rb8 29. Bc7 Rc8 30. e5 Bg7 31. Bd6
Na5 32. Ne4 Nc4 33. b4 Bxe5 34. Bc5 Rb8 35. f4 Bb2 36. Rd7 Nb6
37. Rd2 Bg7 38. Bxb6 Rxb6 39. Rd8+ Bf8 40. Nc5 Rxb4 41. Nd7
Rb2+ 42. Kf3 Kg7 43. Rxf8 Rd2 44. Rd8 h5 45. h4 Rd3+ 46. Kf2
Rd6 47. Ke2 Rd4 48. Ke3 Rd1 49. Ke4 1/2-1/2

[Event "Paris-ch"]
[Site "Paris"]
[Date "2004.07.03"]
[EventDate "2004.??.??"]
[Round "7"]
[Result "1/2-1/2"]
[White "Maxime Vachier-Lagrave"]
[Black "Bartosz Socko"]
[WhiteElo "2637"]
[BlackElo "2660"]
[PlyCount "68"]

1. e4 e6 2. d4 d5 3. Nd2 c5 4. exd5 exd5 5. Ngf3 c4 6. b3 cxb3
7. axb3 Be7 8. Bd3 Nf6 9. O-O Nc6 10. c3 Bg4 11. b4 a6 12. Re1
O-O 13. Nb3 Qc7 14. Bg5 Rae8 15. Nbd2 h6 16. Bh4 Nh5 17. Bxe7
Rxe7 18. Rxe7 Nxe7 19. Qc2 Nf4 20. Re1 Bxf3 21. Nxf3 Nxd3
22. Qxd3 Ng6 23. g3 Rc8 24. Re3 Qd7 25. Ne5 Nxe5 26. Rxe5 Re8
27. c4 Rxe5 28. dxe5 d4 29. Kf1 Qe7 30. Qxd4 Qxb4 31. Qd8+ Kh7
32. Qd3+ Kg8 33. Qd8+ Kh7 34. Qd3+ Kg8 1/2-1/2

[Event "Paris-ch"]
[Site "Paris"]
[Date "2004.07.03"]
[EventDate "2004.??.??"]
[Round "8"]
[Result "1/2-1/2"]
[White "Andrei Shchekachev"]
[Black "Maxime Vachier-Lagrave"]
[WhiteElo "2593"]
[BlackElo "2637"]
[PlyCount "45"]

1. Nf3 Nf6 2. c4 c5 3. Nc3 Nc6 4. d4 cxd4 5. Nxd4 e6 6. a3 Be7
7. Bg5 O-O 8. e3 d5 9. cxd5 Nxd5 10. Nxc6 bxc6 11. Bxe7 Qxe7
12. Qc2 Bb7 13. Ne4 c5 14. Qxc5 Qh4 15. Nd6 Qe7 16. Rc1 Rfd8
17. Nxb7 Qxb7 18. Qb5 Qe7 19. Qa4 Rab8 20. Qc2 Qb7 21. Bc4 Nb6
22. O-O Nxc4 23. Qxc4 1/2-1/2

[Event "Paris-ch"]
[Site "Paris"]
[Date "2004.07.03"]
[EventDate "2004.??.??"]
[Round "9"]
[Result "1-0"]
[White "Maxime Vachier-Lagrave"]
[Black "Vladimir Olegovich Baklan"]
[WhiteElo "2637"]
[BlackElo "2648"]
[PlyCount "111"]

1. e4 e6 2. d4 d5 3. Nd2 Be7 4. Bd3 c5 5. dxc5 Nf6 6. Qe2 a5
7. Ngf3 O-O 8. O-O Na6 9. e5 Nd7 10. c4 Ndxc5 11. Bb1 d4
12. Rd1 d3 13. Qe3 Nb4 14. Ne4 Qc7 15. Nxc5 Bxc5 16. Qe4 Qb6
17. a3 Bxf2+ 18. Kf1 Nc6 19. Bxd3 g6 20. Bh6 f5 21. Qe2 Bc5
22. Bxf8 Bxf8 23. c5 Bxc5 24. Bc4 a4 25. Rd3 Qc7 26. Rad1 Be7
27. Rd6 Nd8 28. Nd4 Bxd6 29. exd6 Qf7 30. d7 Bxd7 31. Nxe6 Bb5
32. Bxb5 Nxe6 33. Bc4 Re8 34. Rd6 Kg7 35. Qe5+ Kh6 36. Bxe6
Qe7 37. Qf4+ Qg5 38. Qxg5+ Kxg5 39. Bd5 Rc8 40. Bxb7 Rc2
41. Bc6 Rxb2 42. Bxa4 Kf4 43. Rd3 Ra2 44. Bc6 g5 45. Ke1 Rc2
46. Bd5 g4 47. a4 Ke5 48. a5 Rc1+ 49. Rd1 Rxd1+ 50. Kxd1 Kxd5
51. g3 Kc5 52. Ke2 Kb5 53. Ke3 Kxa5 54. Kf4 Kb6 55. Kxf5 Kc7
56. Kxg4 1-0

[Event "ch-FRA"]
[Site "Val d'Isere FRA"]
[Date "2004.08.16"]
[EventDate "2004.08.16"]
[Round "1"]
[Result "1/2-1/2"]
[White "Iossif Davidovich Dorfman"]
[Black "Maxime Vachier-Lagrave"]
[WhiteElo "2599"]
[BlackElo "2458"]
[PlyCount "63"]

1. Nf3 Nf6 2. c4 g6 3. Nc3 d5 4. cxd5 Nxd5 5. e4 Nxc3 6. dxc3
Qxd1+ 7. Kxd1 Bg4 8. Be2 Nd7 9. h3 Bxf3 10. Bxf3 O-O-O 11. Kc2
h5 12. h4 Bh6 13. Bxh6 Rxh6 14. Be2 Rhh8 15. Rad1 Nf6 16. f3
Rxd1 17. Kxd1 Rd8+ 18. Ke1 e5 19. Kf2 Kd7 20. Ke3 Ke7 21. g3
Rd6 22. Rc1 Ke8 23. b4 Ke7 24. Rb1 Nd7 25. Rb3 f5 26. Ra3 a6
27. Ra5 fxe4 28. fxe4 Rc6 29. c4 Rb6 30. Ra4 c5 31. b5 Rd6
32. bxa6 1/2-1/2

[Event "ch-FRA"]
[Site "Val d'Isere FRA"]
[Date "2004.08.17"]
[EventDate "2004.08.16"]
[Round "2"]
[Result "0-1"]
[White "Maxime Vachier-Lagrave"]
[Black "Igor Alexandre Nataf"]
[WhiteElo "2458"]
[BlackElo "2553"]
[PlyCount "84"]

1. e4 c5 2. Nf3 Nc6 3. Bb5 e6 4. b3 Nge7 5. Bb2 a6 6. Bxc6
Nxc6 7. O-O b6 8. c4 Bb7 9. Re1 Qc7 10. Nc3 Bd6 11. Nd5 exd5
12. exd5+ Ne7 13. Bxg7 Rg8 14. Bf6 Rg6 15. Bxe7 Bxe7 16. Nh4
Kf8 17. Nxg6+ hxg6 18. Qf3 Qd6 19. Re2 Qf6 20. Qxf6 Bxf6
21. Rae1 d6 22. f4 Rd8 23. g4 Bh4 24. Rf1 Bc8 25. h3 Bd7
26. Kg2 b5 27. Rf3 Bf6 28. f5 gxf5 29. gxf5 Rb8 30. d3 b4
31. Re4 a5 32. Rg4 Re8 33. Kf1 a4 34. h4 Ke7 35. Re4+ Be5
36. f6+ Kd8 37. bxa4 Bxa4 38. Ke2 Rg8 39. h5 Bd7 40. Kf2 Rh8
41. Rh4 Rh6 42. Ke3 Ke8 0-1

[Event "ch-FRA"]
[Site "Val d'Isere FRA"]
[Date "2004.08.19"]
[EventDate "2004.08.16"]
[Round "4"]
[Result "1-0"]
[White "Maxime Vachier-Lagrave"]
[Black "Jean-Pierre Le Roux"]
[WhiteElo "2458"]
[BlackElo "2489"]
[PlyCount "73"]

1. e4 e5 2. Nf3 Nc6 3. Bb5 a6 4. Bxc6 dxc6 5. O-O Qf6 6. d4
exd4 7. Bg5 Qg6 8. Qxd4 Bd6 9. Nbd2 f6 10. Bh4 Nh6 11. Nc4 O-O
12. Nxd6 cxd6 13. Bg3 Nf7 14. Rfe1 Bg4 15. Nd2 Rad8 16. Nc4 h5
17. Ne3 Bc8 18. Kh1 Rfe8 19. Nc4 b5 20. Na5 c5 21. Qd3 f5
22. Nc6 fxe4 23. Nxd8 exd3 24. Rxe8+ Kh7 25. cxd3 Ng5 26. Rae1
c4 27. dxc4 Bf5 28. Rf8 Ne4 29. cxb5 axb5 30. Kg1 Qg5 31. Re3
Nf6 32. Nf7 Qg4 33. h3 Qd4 34. Bxd6 Ne4 35. Rh8+ Kg6 36. Ne5+
Kf6 37. Rf8+ 1-0

[Event "ch-FRA"]
[Site "Val d'Isere FRA"]
[Date "2004.08.21"]
[EventDate "2004.08.16"]
[Round "6"]
[Result "1/2-1/2"]
[White "Maxime Vachier-Lagrave"]
[Black "Manuel Apicella"]
[WhiteElo "2458"]
[BlackElo "2532"]
[PlyCount "48"]

1. e4 e6 2. d4 d5 3. Nd2 Nf6 4. e5 Nfd7 5. Bd3 c5 6. c3 b6
7. Ne2 Ba6 8. Bxa6 Nxa6 9. O-O Nc7 10. f4 g6 11. Nf3 h5 12. g3
c4 13. h3 b5 14. Qc2 Nb6 15. g4 hxg4 16. hxg4 Qd7 17. Bd2
O-O-O 18. Kf2 Be7 19. Rh1 a5 20. a3 Kb7 21. Ng3 Na4 22. Rag1
Rdg8 23. Ke2 Qe8 24. Kf1 Rxh1 1/2-1/2

[Event "ch-FRA"]
[Site "Val d'Isere FRA"]
[Date "2004.08.24"]
[EventDate "2004.08.16"]
[Round "9"]
[Result "1-0"]
[White "Laurent Fressinet"]
[Black "Maxime Vachier-Lagrave"]
[WhiteElo "2637"]
[BlackElo "2458"]
[PlyCount "63"]

1. e4 c5 2. Nf3 e6 3. Nc3 a6 4. d4 cxd4 5. Nxd4 Qc7 6. Bd3 Nc6
7. Nxc6 dxc6 8. O-O Nf6 9. f4 e5 10. Kh1 Bc5 11. Qe1 Ng4
12. Qg3 h5 13. f5 Qe7 14. Be2 Bd7 15. Bxg4 hxg4 16. Qxg4 O-O-O
17. Qg3 Rh5 18. Be3 Rdh8 19. h3 g6 20. Bxc5 Qxc5 21. Qd3 gxf5
22. exf5 Qd4 23. Qxd4 exd4 24. Ne4 R8h6 25. Rad1 c5 26. Nxc5
Bxf5 27. Nd3 Be4 28. Kh2 Rg5 29. Rd2 f5 30. Nf4 Rc6 31. Rff2
Rg7 32. Ne2 1-0

[Event "ch-FRA"]
[Site "Val d'Isere FRA"]
[Date "2004.08.25"]
[EventDate "2004.08.16"]
[Round "10"]
[Result "1/2-1/2"]
[White "Maxime Vachier-Lagrave"]
[Black "Joel Lautier"]
[WhiteElo "2458"]
[BlackElo "2666"]
[PlyCount "34"]

1. e4 c5 2. Nf3 Nc6 3. Bb5 g6 4. Bxc6 dxc6 5. d3 Bg7 6. h3 Nf6
7. Nc3 O-O 8. Be3 b6 9. Qd2 e5 10. Bh6 Qd6 11. O-O Nh5 12. Ne2
f6 13. a3 a5 14. Nh2 Ra7 15. Rad1 Be6 16. Bxg7 Rxg7 17. Ng4
Rd7 1/2-1/2

[Event "ch-FRA"]
[Site "Val d'Isere FRA"]
[Date "2004.08.26"]
[EventDate "2004.08.16"]
[Round "11"]
[Result "0-1"]
[White "Sebastien Maze"]
[Black "Maxime Vachier-Lagrave"]
[WhiteElo "2497"]
[BlackElo "2458"]
[PlyCount "100"]

1. e4 c5 2. Nf3 Nc6 3. Bb5 d6 4. O-O Bd7 5. Re1 Nf6 6. h3 Ne5
7. Bxd7+ Nfxd7 8. Nxe5 Nxe5 9. b3 g6 10. f4 Nc6 11. Bb2 Nd4
12. c3 Nc6 13. c4 Rg8 14. Na3 Bg7 15. Bxg7 Rxg7 16. Nc2 e6
17. Qf3 g5 18. Rad1 Qf6 19. fxg5 Qxg5 20. d4 O-O-O 21. Re2
Rdg8 22. dxc5 dxc5 23. Kh1 Qh4 24. Qf2 Qh5 25. Qf1 Rg3
26. Red2 Ne5 27. Ne1 Ng4 28. Nc2 Ne5 29. Ne1 Qh6 30. Nd3 Nf3
31. Rf2 Ng5 32. Rf6 Qh4 33. Rf4 Qh5 34. Nf2 Qg6 35. Ng4 Nxe4
36. Qe1 h5 37. Rxe4 hxg4 38. Qxg3 Qxe4 39. Qd6 Qc6 40. Qxc6+
bxc6 41. hxg4 Rxg4 42. Rd3 Rd4 43. Rf3 f5 44. Rh3 Kc7 45. Rh6
Kd6 46. Rh7 a6 47. Ra7 e5 48. Kg1 Rd1+ 49. Kh2 e4 50. Kg3 Rf1
0-1

[Event "WYb16"]
[Site "Heraklio GRE"]
[Date "2004.11.04"]
[EventDate "2004.11.04"]
[Round "1"]
[Result "1/2-1/2"]
[White "Maxat Alaguzov"]
[Black "Maxime Vachier-Lagrave"]
[WhiteElo "2156"]
[BlackElo "2493"]
[PlyCount "67"]

1. d4 Nf6 2. c4 g6 3. Nc3 d5 4. Bf4 Bg7 5. e3 O-O 6. cxd5 Nxd5
7. Nxd5 Qxd5 8. Bxc7 Na6 9. Bxa6 Qxg2 10. Qf3 Qxf3 11. Nxf3
bxa6 12. Rc1 Be6 13. b3 Rac8 14. Kd2 Bd5 15. Ke2 Rfe8 16. Rc5
e6 17. Rhc1 Bf8 18. Bd6 Rxc5 19. Bxc5 Rc8 20. Ne5 Bd6 21. Kd2
Bb8 22. f4 Rc7 23. Bb4 Kg7 24. Rxc7 Bxc7 25. Bc5 f6 26. Nc4 g5
27. Bd6 Bxd6 28. Nxd6 gxf4 29. exf4 Kf8 30. Kc3 Ke7 31. Nc4
Kd7 32. Kb4 Kc6 33. Ka5 Bf3 34. Ne3 1/2-1/2

[Event "WYb16"]
[Site "Heraklio GRE"]
[Date "2004.11.06"]
[EventDate "2004.11.04"]
[Round "3"]
[Result "0-1"]
[White "Martin Petr"]
[Black "Maxime Vachier-Lagrave"]
[WhiteElo "2278"]
[BlackElo "2493"]
[PlyCount "64"]

1. e4 c5 2. Nf3 e6 3. Nc3 a6 4. d4 cxd4 5. Nxd4 Qc7 6. Bd3 Nf6
7. O-O Nc6 8. Nxc6 dxc6 9. f4 Bc5+ 10. Kh1 e5 11. Qe1 Ng4
12. Qg3 h5 13. f5 Bd7 14. Be2 O-O-O 15. Bxg4 hxg4 16. Qxg4 g6
17. Qg3 Rh5 18. Be3 Bxe3 19. Qxe3 Rdh8 20. h3 gxf5 21. exf5
Bxf5 22. Qa7 f6 23. Rf3 Qg7 24. Kh2 Rg8 25. Rg1 e4 26. g4 exf3
27. gxh5 Qc7+ 28. Kh1 Rxg1+ 29. Qxg1 Qf4 30. Nd1 Bxh3 31. Qh2
Bg2+ 32. Kg1 Qd2 0-1

[Event "WYb16"]
[Site "Heraklio GRE"]
[Date "2004.11.07"]
[EventDate "2004.11.04"]
[Round "5"]
[Result "0-1"]
[White "Hrant Melkumyan"]
[Black "Maxime Vachier-Lagrave"]
[WhiteElo "2315"]
[BlackElo "2493"]
[PlyCount "132"]

1. e4 c5 2. Nf3 Nc6 3. d4 cxd4 4. Nxd4 Qc7 5. Nc3 e6 6. Be2 a6
7. O-O b5 8. Nxc6 dxc6 9. Be3 Bb7 10. f4 c5 11. Bf3 Be7
12. Qe2 Nf6 13. e5 Nd7 14. Ne4 O-O 15. Rfd1 Nb6 16. b3 c4
17. Bxb6 Qxb6+ 18. Kh1 cxb3 19. axb3 Rfd8 20. c4 bxc4 21. bxc4
Rxd1+ 22. Rxd1 Rd8 23. Rxd8+ Bxd8 24. Qd3 Be7 25. h3 h6
26. Kh2 Qc7 27. Qd4 Bc6 28. Kg3 a5 29. Nd6 Bxf3 30. Kxf3 a4
31. c5 Qc6+ 32. Qe4 Qxc5 33. Qxa4 Bxd6 34. exd6 Qxd6 35. Qe8+
Qf8 36. Qd7 Qa3+ 37. Kf2 Qc5+ 38. Kf3 g6 39. Qe8+ Kg7 40. Qb8
Qf5 41. h4 g5 42. hxg5 hxg5 43. g3 g4+ 44. Ke3 Qc5+ 45. Kd3
Qd5+ 46. Kc2 Qg2+ 47. Kb1 Qxg3 48. Qe5+ f6 49. Qc7+ Kh6
50. Qd6 Qb3+ 51. Ka1 Qd5 52. Qb8 Kg6 53. Qb1+ Qf5 54. Qb8 Qa5+
55. Kb2 Kf5 56. Qd6 Qd5 57. Qc7 Qd4+ 58. Ka2 Qf2+ 59. Ka1 Qxf4
60. Qh7+ Kg5 61. Qg7+ Kh4 62. Qh7+ Kg3 63. Qh1 Kf2 64. Qh4+
Kg2 65. Qh7 Qd4+ 66. Ka2 g3 0-1